000 00375nam a22001577a 4500
003 MPLRDC
005 20220104123434.0
008 210129b ||||| |||| 00| 0 eng d
082 _a528.959 GRZ
100 _a古瑞珍译
245 _a羽毛球技巧
_c
260 _a
_b王家出版社有限公司
_c
300 _b
650 _a羽毛球
942 _cBK
_o528.959 GRZ
999 _c11435
_d11425